Top 30 : Camila Cabello - Statistiques

Statistiques générales
  • Ce quiz a été pris 37 fois
  • Le résultat moyen est 15 sur 30
Statistiques - réponses
Top Titres Featuring % Correct
2 Havana Young Thug
95%
16 Havana - Remix Daddy Yankee
95%
1 Señorita Shawn Mendes
95%
4 Bam Bam Ed Sheeran
70%
10 I Know What You Did Last Summer Shawn Mendes
70%
13 Liar
65%
8 My Oh My DaBaby
65%
5 Shameless
65%
12 Don't Go Yet
60%
3 Never Be the Same
60%
9 Bad Things mgk
50%
7 Beautiful Bazzi
50%
20 Consequences
45%
26 Consequences - orchestra
45%
11 Crying in the Club
45%
23 Easy
45%
25 I LUV IT Playboi Carti
45%
28 Move Adam Port, Stryv, Malachiii, Keinemusik, Orso
45%
6 South of the Border Ed Sheeran, Cardi B
45%
17 Find U Again Mark Ronson
35%
15 Hey Ma Pitbull, J Balvin
35%
21 OMG Quavo
35%
19 Real Friends
35%
27 Real Friends Swae Lee
35%
14 Know No Better Major Lazer, Travis Scott, Quavo
30%
18 Mi Persona Favorita Alejandro Sanz
30%
22 She Loves Control
30%
24 I Have Questions
25%
30 All These Years
20%
29 Something's Gotta Give
15%
Aucun quiz correspondant
Distribution des résultats
% des personnes avec chaque résultat
Percentile par nombre de réponses
Votre historique - résultats
Vous n’avez pas pris ce quiz